The Attorney (Record no. 35230)

MARC details
000 -LEADER
fixed length control field 00243nam a2200109Ia 4500
082 ## - DEWEY DECIMAL CLASSIFICATION NUMBER
Classification number 82-3
Item number MAS
100 ## - MAIN ENTRY--AUTHOR NAME
Personal name Harold Q
245 #4 - TITLE STATEMENT
Title The Attorney
260 ## - PUBLICATION, DISTRIBUTION, ETC. (IMPRINT)
Place of publication London
Name of publisher Corgi
Year of publication 1973
942 ## - ADDED ENTRY ELEMENTS (KOHA)
Koha item type Books
Holdings
Withdrawn status Lost status Damaged status Not for loan Home library Current library Date acquired Cost, normal purchase price Full call number Accession Number Koha item type
        RRII Library RRII Library 16/12/2021 0.85 82-3 MAS 15657 Books